000 00685nam a2200241Ia 4500
005 20260430150031.0
008 008 250103s9999 xx 000 0 eng d
037 _aTheses
040 _aCRL
040 _beng
040 _ceng
041 _2eng
041 _aeng
084 _qCRL
100 _aShrivastava Shreesh Kumar Au.; Sengar Sujata Gu.
_91236256
245 0 _aSome studies on adaptive hybrid free space optical/RF communication system
260 _c2022
300 _a179p.
650 _aTechnology
700 _aUniversity of Delhi. Faculty of Technology. Department of Electronics and Communication Engineering
942 _cTH
999 _c1848783
_d1848783